000 00957nam a22003850a 4500
001 PT39537
003 AR-LpoUNG
005 20210131230632.0
008 191001s1985||||sp |||||||||||||||||spa d
020 _a8420642215
_c$48
040 _aAR-LpoUNG
_bspa
_cAR-LpoUNG
_eaacr
041 _aspa
044 _asp
082 0 _a982.023 682ar
100 1 _aRock, David
245 1 0 _aArgentina 1516-1987 :
_bdesde la colonización española hasta Alfonsín
260 _aMadrid :
_bAlianza,
_c1985.
300 _a530 p. :
_bil., gráfs.
650 4 _aARGENTINA
650 4 _aASPECTOS POLITICOS
650 4 _aCOLONIAS
650 4 _aCOMERCIO
650 4 _aDEMOCRACIA
650 4 _aDICTADURA
650 4 _aESTADO
650 4 _aPOBLACION
650 4 _aPOLITICA
650 4 _aREVOLUCION
650 4 _aSISTEMAS POLITICOS
650 4 _aSOCIEDAD
651 4 _aArgentina
700 1 _aMíguez, Néstor
_etr.
905 _a39537
942 _cLIB
999 _c5140
_d5140